[Event "1/64 Finale"]
[Site "www.chess-mail.com"]
[Date "2019.08.25"]
[Round "1"]
[White "Osopanda"]
[Black "Claudia"]
[WhiteElo "1470"]
[BlackElo "2190"]
[Result "0-1"]
[Round "1"]
1.e4 c5
2.Ng1f3 d6
3.d4 cxd4
4.Nf3xd4 Ng8f6
5.Nb1c3 e6
6.Bf1e2 a6
7.O-O Bf8e7
8.f4 Qd8c7
9.Bc1e3 O-O
10.Be2f3 Nb8c6
11.Qd1d2 Bc8d7
12.Ra1d1 Nc6xd4
13.Be3xd4 Bd7c6
14.e5 dxe5
15.Bd4xe5 Qc7b6
16.Kh1 Rf8d8
17.Qd2c1 Rd8xd1
18.Rf1xd1 Bc6xf3
19.gxf3 Ra8d8
20.Rd1xd8 Be7xd8
21.Nc3e4 Qb6c6
22.Qc1d2 Bd8e7
23.Kg2 Nf6xe4
24.fxe4 Qc6xe4
25.Kg3 Qe4g6
26.Kf3 Qg6h5
27.Kg3 Be7h4
28.Kg2 Qh5g4
29.Kh1 Qg4f3
30.Kg1 h6
31.Qd2g2 Qf3d1
32.Qg2f1 Qd1xc2
33.Qf1g2 Qc2b1
34.Qg2f1 Qb1xa2
35.Qf1g2 Qa2b1
36.Qg2f1 Qb1xf1
37.Kxf1 Bh4f6
38.Be5xf6 gxf6
39.Ke2 f5
40.Kd3 f6
41.Kd4 b6
42.h4 Kf7
43.h5 Ke7
44.b4 Kd6
45.Kc4 e5
46.fxe5 fxe5
{ resign }
0-1

[Event "Tourn. n10184"]
[Site "www.echecsemail.com"]
[Date "2019.08.26"]
[Round "1"]
[White "Bigrezi"]
[Black "Tonino1"]
[WhiteElo "2130"]
[BlackElo "2130"]
[Result "1-0"]
[Round "1"]
1.e4 d6
2.d4 Ng8f6
3.Nb1c3 c6
4.Ng1f3 Qd8a5
5.Bc1d2 Qa5c7
6.e5 dxe5
7.dxe5 Nf6d5
8.Bf1d3 e6
9.O-O g6
10.Nc3e4 Nb8d7
11.c4 Nd5b6
12.a4 a5
13.b4 Ra8a7
14.bxa5 Nb6a8
15.Bd2c3 Bf8g7
16.Ne4d6 Kf8
17.Qd1d2 Nd7xe5
18.Bc3xe5 Bg7xe5
19.Nf3xe5 Qc7xd6
20.Qd2e3 Ra7xa5
21.Ne5f3 c5
22.Bd3xg6 hxg6
23.Qe3c3  { time }
1-0

[Event "Match"]
[Site "www.echecsemail.com"]
[Date "2019.08.26"]
[Round "1"]
[White "Tonino1"]
[Black "Bojan"]
[WhiteElo "2130"]
[BlackElo "1930"]
[Result "1/2-1/2"]
[Round "1"]
1.f4 g6
2.d4 Bf8g7
3.e3 b6
4.Ng1f3 Ng8f6
5.Bf1d3 Bc8b7
6.O-O Nf6e4
7.Nb1d2 f5
8.c3 d6
9.Qd1c2 e6
10.Nd2xe4 fxe4
11.Bd3xe4 c6
12.Nf3g5 Nb8d7
13.Ng5xe6 Qd8e7
14.Ne6xg7 Qe7xg7
15.f5 Rh8g8
16.fxg6 hxg6
17.Bc1d2 O-O-O
18.Rf1f2 Nd7f6
19.Be4d3 d5
20.Ra1f1 Rd8f8
21.c4 Nf6e4
22.Rf2xf8 Rg8xf8
23.Rf1xf8 Qg7xf8
24.Bd3xe4 dxe4
25.Qc2xe4 Qf8f7
26.b3 a5
27.Qe4g4 Kb8
28.Qg4f4 Qf7xf4
29.exf4 Kc7
30.c5 Bb7a6
31.g4 Ba6d3
32.h4 Bd3e2
33.g5 Be2g4
34.Kf2 bxc5
35.Bd2xa5 Kd6
36.dxc5 Kxc5
37.Ke3 Bg4f5
38.Kd2 Kb5
39.Ba5d8 Kb4
40.Bd8e7 c5
41.Kc1 Ka3
42.Be7xc5 Kxa2
43.b4 Kb3
44.Kd2 Kc4
45.Ke3 Kd5
46.Kf3 Bf5d3
47.f5 Bd3xf5
48.Kf4 Bf5d3
49.h5 gxh5
50.Kg3 Bd3g6
51.Kh4 Kc4
52.Bc5f8 Kb5
53.Kg3 Bg6f5
54.Kf4 { draw }
1/2-1/2

[Event "Match"]
[Site "www.echecsemail.com"]
[Date "2019.08.26"]
[Round "1"]
[White "Tonino1"]
[Black "Riemis"]
[WhiteElo "2040"]
[BlackElo "1809"]
[Result "1/2-1/2"]
[Round "1"]
1.f4 d5
2.d4 Nb8c6
3.e3 Ng8f6
4.c3 Bc8g4
5.Ng1f3 Bg4xf3
6.Qd1xf3 e6
7.Bf1d3 Bf8d6
8.Nb1d2 O-O
9.e4 dxe4
10.Nd2xe4 Nf6xe4
11.Qf3xe4 g6
12.O-O Qd8h4
13.Bc1e3 Ra8b8
14.Rf1f3 Qh4f6
15.Rf3h3 Nc6e7
16.g4 c6
17.g5 Qf6f5
18.Rh3g3 Qf5xe4
19.Bd3xe4 Ne7d5
20.Ra1f1 Nd5xe3
21.Rg3xe3 Rb8d8
22.h4 Rd8d7
23.h5 c5
24.hxg6 fxg6
25.Re3f3 cxd4
26.cxd4 Rd7f7
27.d5 Rf7xf4
28.Rf3xf4 Rf8xf4
29.Rf1xf4 Bd6xf4
30.dxe6 Bf4xg5
31.Be4xb7 Kf8
32.Kg2 Ke7
33.Bb7d5 Bg5c1
34.b3 a5
35.Kg3 Kf6
36.Kg4 h5
37.Kh4 Bc1e3
38.Bd5c4 Be3f2
39.Kh3 g5
40.Kg2 Bf2e1
41.Kf1 Be1b4
42.Kg2 Kf5
43.Kf3 g4
44.Kg2 h4
45.Kh2 Kf4
46.Bc4e2 g3
47.Kh3 Ke3
48.Be2f1 Kf2
49.Bf1g2 Bb4e7
50.Bg2d5 Ke2
51.Kg2 Kd2
52.a4 Kc3
53.Kh3 Kd4
54.Bd5c4 Ke3
55.Bc4d5 Kf2
56.Bd5c6 Be7b4
{ draw }
1/2-1/2

[Event "Match"]
[Site "www.echecsemail.com"]
[Date "2019.08.26"]
[Round "1"]
[White "Guidom"]
[Black "Ztornad"]
[WhiteElo "2020"]
[BlackElo "1970"]
[Result "1/2-1/2"]
[Round "1"]
1.e4 e5
2.Ng1f3 d6
3.Bf1c4 f6
4.d4 Nb8d7
5.dxe5 fxe5
6.Qd1d5 Qd8e7
7.Bc1g5 Ng8f6
8.Bg5xf6 Nd7xf6
9.Bc4b5 Kd8
10.Qd5d3 a6
11.Bb5a4 d5
12.Nb1c3 c6
13.O-O-O Bc8e6
14.Nf3xe5 Nf6g4
15.Ne5xg4 Be6xg4
16.f3 Bg4h5
17.exd5 Qe7g5
18.Qd3d2 Qg5xd2
19.Rd1xd2 c5
20.b4 b5
21.Nc3xb5 axb5
22.Ba4xb5 cxb4
23.Bb5c4 Bh5f7
24.Bc4b3 Bf8c5
25.Rh1e1 Ra8a6
26.Re1e4 Rh8e8
27.Rd2e2 Ra6d6
28.Re4xe8 Bf7xe8
29.Re2e5 Be8f7
30.Kd2 h5
31.Kd3 Rd6g6
32.Re5e2 Rg6g5
33.f4 Rg5g6
34.g3 Bc5f8
35.c3 Rg6b6
36.c4 Bf8c5
37.Re2e5 g6
38.Ke4 Bc5g1
39.h3 Bg1f2
40.g4 hxg4
41.hxg4 Bf2c5
42.Kf3 Rb6f6
43.g5 Rf6d6
44.Kg4 Bc5d4
45.Re5e4 Bd4c5
46.Re4e1 Rd6a6
47.f5 gxf5
48.Kxf5 Bf7g6
49.Kg4 Bg6d3
50.Re1e5 Bd3b1
51.d6 Bb1xa2
52.Bb3xa2 Bc5xd6
53.Re5d5 Ra6xa2
54.Rd5xd6 Kc7
55.c5 b3
56.Rd6b6 Ra2g2
57.Kf5 b2
58.g6 Rg2f2
59.Ke6 Rf2e2
60.Kf5 Re2f2
61.Ke6 Rf2e2
62.Kd5 Re2g2
63.g7 Rg2xg7
64.Rb6xb2 Rg7g5
65.Kd4 Rg5g4
66.Kd5 { draw }
1/2-1/2

[Event "Match"]
[Site "www.echecsemail.com"]
[Date "2019.08.26"]
[Round "1"]
[White "Apdash"]
[Black "Grischuk2789"]
[WhiteElo "2220"]
[BlackElo "2550"]
[Result "1-0"]
[Round "1"]
1.e4 c5
2.Ng1f3 Nb8c6
3.d4 cxd4
4.Nf3xd4 e5
5.Nd4xc6 bxc6
6.Bf1c4 Ng8f6
7.Qd1e2 Bf8b4
8.c3 Bb4e7
9.O-O O-O
10.Nb1d2 d5
11.exd5 cxd5
12.Bc4b3 Qd8c7
13.Rf1e1 Be7d6
14.h3 Bc8b7
15.c4 d4
16.Nd2f3 Nf6d7
17.Bb3c2 f5
18.Nf3g5 Ra8e8
19.Bc2b3 Nd7c5
20.Bb3d1 a5
21.a3 a4
22.Qe2h5 h6
23.Ng5f3 Qc7f7
24.Nf3h4  { time }
1-0

[Event "Match"]
[Site "www.echecsemail.com"]
[Date "2019.08.26"]
[Round "1"]
[White "Ssharp"]
[Black "Bojan"]
[WhiteElo "2350"]
[BlackElo "1990"]
[Result "1-0"]
[Round "1"]
1.e4 e5
2.f4 d6
3.Ng1f3 exf4
4.d4 a6
5.Bc1xf4 h6
6.Bf1c4 Qd8f6
7.Qd1d2 Nb8c6
8.O-O Bc8g4
9.e5 dxe5
10.Bf4xe5 Qf6d8
11.Bc4xf7 Kxf7
12.Qd2f4 Ng8f6
13.Be5xf6 gxf6
14.Qf4xg4 Qd8d5
15.Nb1c3 Qd5e6
16.Qg4xe6 Kxe6
17.d5 Kd7
18.dxc6 Kxc6
19.Nf3d4 Kb6
20.Rf1xf6 Ka7
21.Rf6f7 Bf8c5
22.Nc3e2 Rh8e8
23.Kf1 Ra8d8
24.c3 Bc5d6
25.g3 Kb8
26.Ra1e1 Re8e5
27.Ne2f4 Re5g5
28.Nf4e6 Rg5g8
29.Ne6xd8 Rg8xd8
30.Nd4f5 Bd6c5
31.Nf5xh6 Rd8h8
32.Nh6g4 Bc5d6
33.Kf2 b5
34.h4 Rh8g8
35.Kf3 Kb7
36.Re1e6 Kc6
37.h5 Kd5
38.Re6e4 c5
39.Ng4f6 { resign }
1-0

[Event "Tourn. n10161"]
[Site "www.echecsemail.com"]
[Date "2019.08.26"]
[Round "1"]
[White "Bgm9"]
[Black "Iko"]
[WhiteElo "1860"]
[BlackElo "1830"]
[Result "1-0"]
[Round "1"]
1.d4 d5
2.c4 Nb8c6
3.e3 dxc4
4.Bf1xc4 Bc8f5
5.Nb1c3 Nc6a5
6.Ng1f3 Na5xc4
7.Qd1a4 Qd8d7
8.Qa4xc4 O-O-O
9.O-O e6
10.e4 Bf5g4
11.Nf3e5 Qd7e7
12.Ne5xg4 h5
13.Ng4e5 g5
14.Bc1e3 f6
15.Ne5g6 Qe7h7
16.Ng6xh8 Qh7xh8
17.Qc4xe6 Kb8
18.Ra1c1 Ng8e7
19.Nc3d5 Ne7xd5
20.exd5 Rd8d6
21.Qe6e8 Rd6d8
22.Qe8xd8 
1-0

[Event "Tourn. n10185"]
[Site "www.echecsemail.com"]
[Date "2019.08.26"]
[Round "1"]
[White "Galiany17"]
[Black "D4minance"]
[WhiteElo "2370"]
[BlackElo "2840"]
[Result "0-1"]
[Round "1"]
1.d4 d5
2.c4 e6
3.Nb1c3 a6
4.cxd5 exd5
5.Ng1f3 Ng8f6
6.Bc1g5 Bc8e6
7.e3 Nb8d7
8.Bf1d3 Bf8d6
9.O-O O-O
10.h3 h6
11.Bg5f4 Qd8e7
12.Nf3e5 c5
13.Qd1f3 Rf8d8
14.Ra1c1 Ra8c8
15.Bd3c2 b5
16.Ne5xd7 Qe7xd7
17.Nc3e2 Bd6xf4
18.exf4 Qd7d6
19.dxc5 Rc8xc5
20.Rf1d1 Rd8c8
21.Bc2b1 Rc5xc1
22.Ne2xc1 Rc8e8
23.Nc1b3 h5
24.a3 Be6d7
25.Nb3d4 b4
26.Bb1c2 bxa3
27.Qf3xa3 Qd6xa3
28.bxa3 Kf8
29.Bc2d3 a5
30.Rd1b1 Re8c8
31.Nd4e2 Nf6e4
32.Rb1b6 Ke7
33.Kf1 g6
34.h4 Ne4d2
35.Ke1 Nd2c4
36.Rb6b7 Kd6
37.Rb7a7 a4
38.Bd3xc4 Rc8xc4
39.Kd2 Bd7f5
40.Kd1 Ke6
41.Ra7a6 Ke7
42.Ra6a7 Kf6
43.Ra7a6 Kg7
44.g3 Bf5e4
45.Ke1 Kf8
46.Ra6a7 Ke8
47.Ra7a5 f5
48.Ra5a8 Kd7
49.Ra8a7 Kd6
50.Ra7a8 Kc7
51.Ra8a6 d4
52.Kd2 Rc4c2
53.Ke1 d3
54.Ne2d4 Rc2c4
55.Nd4e6 Kb7
56.Ra6xa4 Rc4c1
57.Kd2 Rc1c2
{ resign }
0-1

[Event "Tourn. n10151"]
[Site "www.echecsemail.com"]
[Date "2019.08.26"]
[Round "1"]
[White "Iko"]
[Black "Estonia"]
[WhiteElo "1830"]
[BlackElo "1970"]
[Result "1-0"]
[Round "1"]
1.e4 e5
2.Ng1f3 Nb8c6
3.Nb1c3 Bf8b4
4.a3 Bb4xc3
5.dxc3 Ng8f6
6.Bf1d3 d6
7.Bd3b5 Bc8d7
8.Bb5d3 Bd7g4
9.h3 Bg4xf3
10.Qd1xf3 Nf6d7
11.h4 Qd8f6
12.Rh1h3 O-O-O
13.Rh3g3 Qf6xf3
14.Rg3xf3 f6
15.Rf3f5 Nc6e7
16.Rf5f3 h5
17.Bc1e3 Ne7g6
18.g3 c5
19.b4 Kb8
20.Bd3b5 a6
21.Bb5xd7 Rd8xd7
22.bxc5 dxc5
23.Be3xc5 Rh8c8
24.Bc5b4 Ng6e7
25.Bb4xe7 Rd7xe7
26.Rf3f5 Rc8xc3
27.Rf5xh5 Rc3xc2
28.Rh5h8 Kc7
29.Ra1d1 Rc2a2
30.Rd1d3 Kb6
31.Rh8d8 Re7c7
32.Rd8d7 Rc7c1
33.Rd3d1 Rc1xd1
34.Kxd1 Ra2xf2
35.Rd7xg7 f5
36.Ke1 Rf2f3
37.Ke2 Rf3xa3
38.exf5 Ra3a2
39.Ke3 Ra2a1
40.f6 Ra1e1
41.Kd2 Re1f1
42.f7 e4
43.h5 { resign }
1-0

[Event "Match"]
[Site "www.echecsemail.com"]
[Date "2019.08.26"]
[Round "1"]
[White "Whitekknight"]
[Black "Tonino1"]
[WhiteElo "1930"]
[BlackElo "2130"]
[Result "0-1"]
[Round "1"]
1.e4 d6
2.d4 Ng8f6
3.Nb1c3 c6
4.Bc1g5 g6
5.Ng1f3 Bf8g7
6.Bf1c4 O-O
7.O-O Qd8c7
8.e5 dxe5
9.Nf3xe5 Nb8d7
10.Bg5f4 Nf6h5
11.Ne5xg6 Nh5xf4
12.Ng6xf8 Nd7xf8
13.Rf1e1 Bc8e6
14.Bc4xe6 Nf8xe6
15.Nc3e2 Nf4xe2
16.Re1xe2 Ne6xd4
17.Re2d2 Ra8d8
18.c3 Nd4e6
19.Qd1e1 Rd8xd2
20.Qe1xd2 Qc7d6
21.Qd2e1 Qd6e5
22.Qe1d2 Ne6f4
23.Ra1e1 Qe5g5
24.Qd2d8 Bg7f8
25.g3 Nf4e6
26.Qd8d7 Qg5b5
27.Qd7d2 Qb5d5
28.Qd2e2 Qd5xa2
29.f4 Qa2d5
30.Re1d1 Qd5c5
31.Kf1 Qc5f5
32.Qe2f2 Ne6c5
33.c4 Qf5g4
34.Rd1d2 Nc5e4
35.Qf2e2 Ne4xd2
36.Qe2xd2 Qg4e6
37.Qd2c2 Bf8g7
38.b3 c5
39.Kg2 Qe6c6
40.Kh3 Qc6f3
41.Qc2f5 h5
42.Qf5c8 Bg7f8
43.Qc8xc5 e6
44.Qc5xa7 Bf8e7
45.Qa7b8 Kh7
46.Qb8e8 Qf3f1
{ resign }
0-1

[Event "Match"]
[Site "www.echecsemail.com"]
[Date "2019.08.26"]
[Round "1"]
[White "Tonino1"]
[Black "Guidom"]
[WhiteElo "2130"]
[BlackElo "2040"]
[Result "1/2-1/2"]
[Round "1"]
1.f4 d5
2.d4 c6
3.e3 Ng8f6
4.Bf1d3 e6
5.Ng1f3 Bf8e7
6.O-O O-O
7.c3 Nb8d7
8.Nb1d2 c5
9.Qd1e2 c4
10.Bd3c2 b5
11.Nf3e5 Nd7xe5
12.fxe5 Nf6d7
13.Rf1f3 g6
14.Rf3h3 f5
15.Nd2f3 Rf8f7
16.Bc1d2 a5
17.a3 Qd8f8
18.g3 Bc8a6
19.Qe2f2 b4
20.Nf3e1 bxa3
21.bxa3 Be7xa3
22.Ne1g2 g5
23.Ra1f1 Ba3e7
24.g4 h6
25.gxf5 exf5
26.Bc2xf5 Rf7xf5
27.Qf2xf5 Qf8xf5
28.Rf1xf5 Kg7
29.Rh3f3 Ra8f8
30.Rf5xf8 Nd7xf8
31.Rf3f1 a4
32.Rf1a1 Ba6b5
33.Bd2c1 Nf8e6
34.Bc1a3 Be7xa3
35.Ra1xa3 Kg6
36.Ng2e1 Kf5
37.Kf2 h5
38.Ne1c2 h4
39.Ra3a1 g4
40.Nc2b4 Ke4
41.Ra1g1 Kf5
42.Nb4xd5 Ne6g5
43.Nd5c7 Ng5h3
44.Kg2 Nh3xg1
45.Nc7xb5 Ng1e2
46.Nb5d6 Ke6
47.Nd6xc4 Ne2xc3
48.Kf1 Kf5
49.Kg2 Nc3d5
50.Kf2 Ke4
51.Ke2 Nd5c3
52.Kf2 Nc3d5
53.e6 Kf5
54.e4 Kxe4
55.Nc4b6 Nd5e7
56.d5 Ke5
57.Nb6xa4 Ne7xd5
58.Na4c5 Kd6
59.Nc5e4 Kxe6
60.Ne4g3 hxg3
61.Kxg3 Kf5
62.h3 gxh3
63.Kxh3 { draw }
1/2-1/2

[Event "1/128 Finale"]
[Site "www.chess-mail.com"]
[Date "2019.08.26"]
[Round "1"]
[White "Hennie4820"]
[Black "Vasylpuzanov"]
[WhiteElo "2040"]
[BlackElo "1340"]
[Result "1-0"]
[Round "1"]
1.e4 f5
2.exf5 Ng8f6
3.g4 g6
4.g5 Nf6d5
5.Bf1c4 Nd5b4
6.a3 Nb4c6
7.d4 d5
8.Bc4d3 Bc8xf5
9.Bd3xf5 gxf5
10.Qd1h5 Kd7
11.g6 e6
12.Bc1g5 hxg6
13.Qh5xg6 Bf8e7
{ time. }
1-0

[Event "Tourn. n10183"]
[Site "www.echecsemail.com"]
[Date "2019.08.27"]
[Round "1"]
[White "Galiany17"]
[Black "Seger"]
[WhiteElo "2350"]
[BlackElo "2820"]
[Result "0-1"]
[Round "1"]
1.d4 Ng8f6
2.c4 e6
3.Nb1c3 Bf8b4
4.e3 c5
5.Ng1e2 cxd4
6.exd4 d5
7.c5 Nf6e4
8.Bc1d2 Ne4xd2
9.Qd1xd2 a5
10.a3 Bb4xc3
11.Ne2xc3 a4
12.Bf1d3 Bc8d7
13.O-O O-O
14.Bd3c2 b6
15.cxb6 Qd8xb6
16.Rf1e1 Rf8c8
17.Re1e3 Rc8c4
18.Re3g3 Qb6xd4
19.Bc2d3 Qd4f4
20.Qd2c2 Rc4c5
21.Bd3xh7 Kf8
22.Ra1e1 Nb8c6
23.Rg3f3 Qf4c7
24.Qc2g6 Bd7e8
25.Qg6h5 f6
26.Qh5h3 d4
27.Qh3xe6 Be8f7
28.Rf3xf6 gxf6
29.Qe6xf6 Rc5e5
30.Nc3e4 Ra8a5
31.Qf6h6 Ke8
32.Bh7f5 Kd8
33.Qh6f6 Nc6e7
34.Bf5h7 Bf7e8
35.f4 Re5h5
36.Qf6f8 Ra5a6
37.Ne4g5 Rh5xh7
38.Ng5xh7 d3
39.Nh7g5 Qc7c5
40.Kf1 d2
41.Re1d1 Qc5e3
42.h4 Ne7d5
43.Ng5f3 Ra6c6
{ resign }
0-1

[Event "Match"]
[Site "www.echecsemail.com"]
[Date "2019.08.27"]
[Round "1"]
[White "Guidom"]
[Black "Mitja"]
[WhiteElo "2060"]
[BlackElo "1860"]
[Result "0-1"]
[Round "1"]
1.e4 d5
2.exd5 Qd8xd5
3.Nb1c3 Qd5d8
4.Ng1f3 e6
5.Bf1b5 c6
6.Bb5a4 Nb8a6
7.O-O Na6c5
8.Ba4b3 Nc5xb3
9.axb3 Ng8f6
10.d3 b6
11.Bc1g5 h6
12.Bg5h4 Bf8e7
13.Rf1e1 Bc8b7
14.Qd1e2 Nf6d5
15.Nc3xd5 cxd5
16.Bh4xe7 Qd8xe7
17.Nf3d4 O-O
18.Nd4f5 Qe7f6
19.Nf5d6 Qf6e7
20.Nd6b5 a6
21.Nb5d4 Qe7f6
22.c3 Rf8e8
23.b4 b5
24.Qe2e5 Qf6xe5
25.Re1xe5 Kf8
26.Ra1e1 Re8e7
27.f4 Ra8e8
28.Kf2 g6
29.g4 Kg7
30.h4 Kf6
31.g5 hxg5
32.hxg5 Kg7
33.f5 Re7d7
34.Kg3 gxf5
35.Nd4xf5 Kg6
36.Kf4 Re8h8
37.Nf5g3 Rh8h4
38.Ke3 d4
39.cxd4 Rh4xd4
40.Re1d1 Rd4xb4
41.Rd1d2 Rd7d5
42.Re5xd5 Bb7xd5
43.Ng3e4 Bd5xe4
44.dxe4 Kxg5
45.Rd2f2 f5
46.exf5 exf5
47.Rf2g2 Rb4g4
48.Rg2h2 f4
49.Ke4 Rg4g3
50.Rh2f2 Rg3e3
51.Kd4 Kg4
52.b4 Kg3
53.Rf2f1 Re3e2
54.Kd3 f3
55.Rf1a1 Re2e6
56.Ra1g1 Kf2
57.Rg1g5 Kf1
58.Kd2 f2
59.Rg5f5 Re6g6
60.Ke3 Rg6g3
61.Kd2 Rg3g2
{ resign }
0-1

[Event "Match"]
[Site "www.echecsemail.com"]
[Date "2019.08.27"]
[Round "1"]
[White "Fereike"]
[Black "Fantomas"]
[WhiteElo "1399"]
[BlackElo "2210"]
[Result "0-1"]
[Round "1"]
1.d4 d5
2.c4 e6
3.Nb1c3 Ng8f6
4.Bc1g5 Bf8e7
5.e3 h6
6.Bg5h4 a6
7.Ng1f3 O-O
8.Ra1c1 dxc4
9.Bf1xc4 b5
10.Bc4d3 Bc8b7
11.Qd1c2 c6
12.Bh4xf6 Be7xf6
13.Bd3h7 Kh8
14.Nc3e4 Bf6e7
15.Ne4c5 Be7xc5
16.dxc5 Qd8f6
17.Bh7e4 Nb8d7
18.O-O Ra8c8
19.Rc1d1 Rf8d8
20.Rd1d6 Nd7b8
21.Rf1d1 Kg8
22.Qc2c3 Rd8xd6
23.Rd1xd6 Qf6xc3
24.bxc3 Kf8
25.Nf3d4 Ke7
26.Nd4b3 Rc8d8
27.Rd6d4 f5
28.Be4f3 e5
29.Rd4xd8 Kxd8
30.Nb3a5 Bb7a8
31.Bf3e2 Nb8d7
32.Na5b3 e4
33.c4 Kc7
34.cxb5 axb5
35.Kf1 Nd7e5
36.Nb3d4 g6
37.Ke1 Ba8b7
38.Kd2 Bb7c8
39.Kc3 Bc8d7
40.Kb4 h5
41.a4 bxa4
42.Kxa4 h4
43.Kb4 Bd7e8
44.Nd4e6 Kd7
45.Ne6d4 Be8f7
46.Kc3 Bf7d5
47.f4 Ne5d3
48.Be2xd3 exd3
49.Kxd3 Bd5xg2
50.Nd4e2 Bg2f1
51.Kd2 Bf1xe2
52.Kxe2 Ke6
 { time }
0-1

[Event "Match"]
[Site "www.echecsemail.com"]
[Date "2019.08.27"]
[Round "1"]
[White "Fereike"]
[Black "Picifarkinca"]
[WhiteElo "1399"]
[BlackElo "1900"]
[Result "1-0"]
[Round "1"]
1.d4 Ng8f6
2.c4 e5
3.dxe5 Nf6g4
4.f4 Bf8b4
5.Bc1d2 Bb4c5
6.Ng1h3 d5
7.Nb1c3 d4
8.Nc3e4 Qd8e7
9.Qd1c2 a5
10.Ne4xc5 Qe7xc5
11.O-O-O Ng4e3
12.Bd2xe3 dxe3
13.Nh3g5 h6
14.Ng5f3 O-O
15.Kb1 a4
16.h4 a3
17.Nf3g5 g6
18.Rd1d5 Qc5b4
19.e6  { time }
1-0

[Event "Tourn. n10168"]
[Site "www.echecsemail.com"]
[Date "2019.08.27"]
[Round "1"]
[White "Apdash"]
[Black "Argento"]
[WhiteElo "2190"]
[BlackElo "2149"]
[Result "1/2-1/2"]
[Round "1"]
1.e4 c5
2.Ng1f3 Nb8c6
3.Bf1c4 e6
4.O-O d6
5.d4 cxd4
6.Nf3xd4 Ng8f6
7.Bc1g5 Bf8e7
8.Rf1e1 Qd8a5
9.Nd4xc6 bxc6
10.Bg5xf6 Be7xf6
11.c3 Qa5c5
12.Bc4b3 O-O
13.Nb1d2 d5
14.exd5 cxd5
15.Qd1h5 Qc5c7
16.Re1e3 g6
17.Qh5h6 Bf6g7
18.Qh6h4 Qc7d8
19.Qh4g3 e5
20.Ra1d1 Bc8e6
21.Nd2f3 f6
22.Nf3h4 Ra8b8
23.Re3d3 Qd8e7
24.Bb3xd5 Rb8xb2
25.c4 Rb2xa2
26.h3 Ra2a6
27.Bd5xe6 Qe7xe6
28.c5 Ra6c6
29.Rd3d6 Qe6c8
30.Rd6d7 Rc6c7
31.c6 Rc7xd7
32.Rd1xd7 Qc8xc6
33.Rd7xa7 Qc6c1
34.Kh2 Qc1f4
35.Qg3xf4 exf4
36.Ra7a4 Bg7h6
37.g3 fxg3
38.fxg3 Rf8f7
39.Kg2 Bh6f8
40.Nh4f3 Rf7d7
41.Ra4a8 Kf7
42.h4 h5
43.Ra8a2 Bf8b4
44.Ra2f2 Ke6
45.Rf2b2 Bb4c3
46.Rb2e2 { draw }
1/2-1/2

[Event "Tourn. n10161"]
[Site "www.echecsemail.com"]
[Date "2019.08.27"]
[Round "1"]
[White "Iko"]
[Black "Galiany17"]
[WhiteElo "1830"]
[BlackElo "1799"]
[Result "0-1"]
[Round "1"]
1.e4 e5
2.Ng1f3 Nb8c6
3.Bf1b5 a6
4.Bb5xc6 dxc6
5.Nf3xe5 Qd8d4
6.Ne5f3 Qd4xe4
7.Qd1e2 Qe4xe2
8.Kxe2 Bc8f5
9.d3 O-O-O
10.Nf3g5 Rd8e8
11.Bc1e3 Bf5g6
12.h4 h6
13.Ng5f3 c5
14.Nb1c3 Ng8f6
15.Rh1h3 Bf8d6
16.g3 Bg6f5
17.Rh3h2 Bf5g4
18.Ra1e1 Re8e6
19.Nc3e4 Nf6xe4
20.dxe4 Re6f6
21.Be3f4 Bd6xf4
22.gxf4 Rf6xf4
23.Kf1 Bg4xf3
24.e5 Rh8d8
25.Re1e3 Rd8d1
26.Re3e1 Rd1xe1
27.Kxe1 Rf4d4
28.Rh2h3 Rd4d1

0-1

[Event "Tourn. n10170"]
[Site "www.echecsemail.com"]
[Date "2019.08.27"]
[Round "1"]
[White "Tartan"]
[Black "Darko10"]
[WhiteElo "2500"]
[BlackElo "2880"]
[Result "0-1"]
[Round "1"]
1.d4 Ng8f6
2.c4 e6
3.Nb1c3 Bf8b4
4.Qd1c2 O-O
5.a3 Bb4xc3
6.Qc2xc3 d5
7.Bc1g5 c5
8.dxc5 d4
9.Qc3c2 h6
10.Bg5f4 e5
11.Bf4xe5 Nb8c6
12.Be5d6 Rf8e8
13.f3 b6
14.b4 bxc5
15.Bd6xc5 Nf6d7
16.Bc5d6 Qd8f6
17.c5 d3
18.Qc2c1 Bc8a6
19.e4 Nc6d4
20.Ra1b1 Re8xe4
{ resign }
0-1

[Event "Tourn. n10201"]
[Site "www.echecsemail.com"]
[Date "2019.08.27"]
[Round "1"]
[White "Wd40"]
[Black "Coolant"]
[WhiteElo "2640"]
[BlackElo "2360"]
[Result "1-0"]
[Round "1"]
1.e4 c5
2.Nb1c3 e6
3.Ng1f3 a6
4.d4 cxd4
5.Nf3xd4 Qd8c7
6.Bf1d3 b5
7.O-O Bc8b7
8.Rf1e1 d6
9.Nc3d5 exd5
10.exd5 Bf8e7
11.Nd4f5 Kf8
12.Qd1g4 Be7f6
13.Bc1f4 h5
14.Bf4xd6 Qc7xd6
15.Nf5xd6 hxg4
16.Re1e8 { resign }
1-0

[Event "Tourn. n10204"]
[Site "www.echecsemail.com"]
[Date "2019.08.28"]
[Round "1"]
[White "Apdash"]
[Black "Fantomas"]
[WhiteElo "2150"]
[BlackElo "2160"]
[Result "1-0"]
[Round "1"]
1.e4 c5
2.Ng1f3 Nb8c6
3.Bf1c4 d6
4.d4 cxd4
5.Nf3xd4 Ng8f6
6.Nb1c3 g6
7.O-O Bf8g7
8.Bc1e3 O-O
9.h3 a6
10.Qd1e2 Nc6e5
11.Bc4b3 b5
12.f4 Ne5d7
13.Nd4c6 Qd8e8
14.Bb3d5 Nf6xd5
15.Nc3xd5 e6
16.Nd5c7 { resign }
1-0

[Event "Match"]
[Site "www.echecsemail.com"]
[Date "2019.08.28"]
[Round "1"]
[White "Stevep84"]
[Black "Liencam2"]
[WhiteElo "2320"]
[BlackElo "2200"]
[Result "0-1"]
[Round "1"]
1.e4 c5
2.Ng1f3 e6
3.d4 cxd4
4.Nf3xd4 a6
5.Nb1c3 Qd8c7
6.Bf1d3 Ng8f6
7.O-O d6
8.f4 Nb8d7
9.Rf1e1 b6
10.Bc1e3 Bf8e7
11.f5 e5
12.Nd4f3 Bc8b7
13.Be3f2 b5
14.a3 Nd7c5
15.Ra1c1 O-O
16.Qd1d2 Ra8d8
17.b4 Nc5xd3
18.cxd3 Qc7b8
19.Bf2b6 Rd8c8
20.Nc3e2 d5
21.Ne2g3 dxe4
22.dxe4 Bb7xe4
23.Ng3xe4 Qb8xb6
24.Kh1 Nf6xe4
25.Qd2e2 Ne4f2
26.Kg1 Nf2d3
27.Kf1 Nd3xc1
28.Re1xc1 Rc8xc1
29.Nf3e1 Qb6d4
{ resign }
0-1

[Event "Tourn. n10177"]
[Site "www.echecsemail.com"]
[Date "2019.08.28"]
[Round "1"]
[White "Churrasca"]
[Black "Galiany17"]
[WhiteElo "1980"]
[BlackElo "2179"]
[Result "0-1"]
[Round "1"]
1.e4 Ng8f6
2.e5 Nf6d5
3.d4 d6
4.c4 Nd5b6
5.f4 dxe5
6.fxe5 c5
7.d5 g6
8.Ng1f3 Bf8g7
9.h3 O-O
10.Nb1c3 e6
11.Bc1g5 f6
12.exf6 Bg7xf6
13.Bg5xf6 Rf8xf6
14.Bf1e2 Nb8a6
15.O-O exd5
16.cxd5 Na6b4
17.Qd1d2 Nb4xd5
18.Nc3xd5 Qd8xd5
19.Ra1d1 Qd5xd2
20.Rd1xd2 Bc8e6
21.Rf1c1 Ra8c8
22.Nf3g5 Be6d5
23.Be2g4 Rc8c6
24.Rc1e1 h6
25.Ng5e4 Bd5xe4
26.Re1xe4 Kg7
27.Re4e7 Rf6f7
28.Re7xf7 Kxf7
29.Kf2 Rc6c7
30.b3 Ke7
31.Rd2e2 Kf6
32.Re2e6 Kf7
33.Re6d6 c4
34.bxc4 Nb6xc4
35.Rd6d7 Rc7xd7
36.Bg4xd7 Nc4e5
37.Bd7c8 b6
38.Bc8a6 Ke6
39.Ke3 g5
40.Ba6b5 Kd5
41.Bb5e2 Kc5
42.Ke4 Ne5c6
43.a3 b5
44.Kd3 b4
45.axb4 Kxb4
46.Kc2 Nc6d4
47.Kd2 Nd4xe2
{ resign }
0-1

[Event "Match"]
[Site "www.echecsemail.com"]
[Date "2019.08.28"]
[Round "1"]
[White "Tonino1"]
[Black "Goofy"]
[WhiteElo "2130"]
[BlackElo "2290"]
[Result "0-1"]
[Round "1"]
1.f4 g6
2.d4 Bf8g7
3.e3 d5
4.Bf1d3 c5
5.c3 cxd4
6.exd4 Ng8f6
7.Ng1f3 O-O
8.O-O Nb8d7
9.Nf3e5 Nd7xe5
10.fxe5 Nf6g4
11.h3 Ng4h6
12.g4 f6
13.Bc1f4 fxe5
14.dxe5 Qd8b6
15.Kh1 Qb6xb2
16.Qd1c2 Qb2xc2
17.Bd3xc2 Bg7xe5
18.Bf4xe5 Rf8xf1
19.Kg2 Rf1e1
20.Be5g3 Re1e2
 { time }
0-1

[Event "Match"]
[Site "www.echecsemail.com"]
[Date "2019.08.28"]
[Round "1"]
[White "Comrade"]
[Black "Mdesouza"]
[WhiteElo "2320"]
[BlackElo "2160"]
[Result "1-0"]
[Round "1"]
1.c4 d6
2.Nb1c3 e5
3.g3 Ng8f6
4.Bf1g2 c6
5.e3 Bc8e6
6.b3 Bf8e7
7.Ng1e2 Qd8c7
8.O-O O-O
9.Bc1b2 Nb8d7
10.d4 Ra8d8
11.Qd1c2 d5
12.cxd5 cxd5
13.Ra1c1 Rd8c8
14.dxe5 Nd7xe5
15.Ne2d4 a6
16.f4 Ne5g4
17.Qc2d2 Qc7d8
18.h3 Ng4h6
19.f5 Be6d7
20.Nc3xd5 Nf6xd5
21.Bg2xd5 Bd7c6
22.Bd5xc6 bxc6
23.g4  { time }
1-0

[Event "Tourn. n10042"]
[Site "www.echecsemail.com"]
[Date "2019.08.28"]
[Round "1"]
[White "Reignblowcan"]
[Black "Stepanpech"]
[WhiteElo "2520"]
[BlackElo "2570"]
[Result "1/2-1/2"]
[Round "1"]
1.c4 e5
2.Nb1c3 Nb8c6
3.Ng1f3 f5
4.g3 Ng8f6
5.d4 e4
6.Nf3h4 d6
7.Bc1g5 Bf8e7
8.e3 O-O
9.Bf1e2 Qd8e8
10.O-O Bc8d7
11.Ra1c1 a5
12.Nh4g2 Nc6d8
13.c5 dxc5
14.Bg5xf6 Be7xf6
15.Nc3d5 Nd8e6
16.Nd5xf6 Rf8xf6
17.d5 Ne6g5
18.Rc1xc5 Ng5h3
19.Kh1 Qe8d8
20.Qd1b3 b6
21.Rc5c2 Rf6d6
22.Qb3c3 c5
23.Ng2f4 Nh3xf4
24.gxf4 Qd8f8
25.Rc2d2 Bd7c8
26.b3 Bc8b7
27.Be2c4 Ra8d8
28.a4 Kh8
29.Qc3e5 Rd8e8
30.Qe5c3 h6
31.Rf1g1 Kh7
32.h3 Qf8e7
33.Bc4b5 Re8d8
34.Bb5c4 Qe7f7
35.Qc3e5 Qf7f8
36.Bc4b5 Bb7c8
37.Kh2 g6
38.Kg3 Bc8d7
39.Bb5c4 Rd8e8
40.Qe5b2 Re8e7
41.Kh2 Bd7c8
42.Qb2a1 Bc8b7
43.Qa1b2 Qf8d8
44.Qb2a1 Qd8c7
45.Qa1b2 Qc7b8
46.Qb2a1 Qb8d8
47.Qa1b2 Qd8e8
48.Qb2a1 Qe8g8
49.Qa1b2 Qg8f7
50.Qb2a1 Qf7e8
51.Qa1b2 Qe8a8
52.Qb2a1 Qa8c8
53.Qa1b2 Re7d7
54.Qb2a1 Qc8f8
55.Qa1e5 Qf8d8
56.Rd2d1 Qd8c7
57.Rd1d2 Rd7g7
58.Qe5b2 Rg7e7
59.Qb2a1 Re7f7
60.Qa1b2 Qc7d8
61.Qb2a1 Qd8f8
62.Qa1b2 Rf7e7
63.Qb2a1 Qf8f7
64.Qa1b2 { draw }
1/2-1/2

[Event "Match"]
[Site "www.echecsemail.com"]
[Date "2019.08.28"]
[Round "1"]
[White "Apdash"]
[Black "Comrade"]
[WhiteElo "2160"]
[BlackElo "2320"]
[Result "0-1"]
[Round "1"]
1.e4 c5
2.Ng1f3 Nb8c6
3.Bf1b5 g6
4.O-O Bf8g7
5.d4 cxd4
6.Bb5xc6 dxc6
7.Nf3xd4 Bg7xd4
8.c3 Bd4b6
9.Qd1e2 e5
10.Nb1a3 Ng8f6
11.Bc1g5 h6
12.Ra1d1 Qd8e7
13.Bg5xf6 Qe7xf6
14.Kh1 O-O
15.Na3c4 Bb6c7
16.Nc4e3 Bc8e6
17.b3 Ra8d8
18.g3 Bc7b6
19.f4 Be6h3
20.Rd1xd8 Rf8xd8
21.Rf1c1 exf4
22.gxf4 Qf6xf4
23.Ne3c4 Qf4xc1
{ resign }
0-1